[Event "Tourn. n8691"]
[Site "www.chess-mail.com"]
[Date "2016.04.11"]
[Round "1"]
[White "Tonino1"]
[Black "Bojan"]
[WhiteElo "2210"]
[BlackElo "2020"]
[Result "1-0"]
[Round "1"]
1.d4 g6
2.Ng1f3 Bf8g7
3.e3 d5
4.Bf1d3 a6
5.b3 c5
6.Bc1b2 Nb8c6
7.a3 b5
8.Nb1d2 Bc8g4
9.O-O Qd8d7
10.h3 Bg4xh3
11.gxh3 Qd7xh3
12.Nf3g5 Qh3d7
13.Qd1f3 f6
14.Ng5xh7 f5
15.Nh7g5 Qd7d6
16.Qf3g3 Qd6d8
17.Ng5e6 Qd8d7
18.Ne6xg7 Kf7
19.dxc5 Ng8f6
20.Ng7xf5 gxf5
21.Nd2f3 Ra8g8
22.Nf3g5 Ke8
23.f4 Rh8h5
24.Bd3e2 Rh5h6
25.Be2f3 Nc6d8
26.Kf2 Nd8e6
27.Ra1d1 Nf6e4
28.Bf3xe4 fxe4
29.Rf1h1 Rh6g6
30.Rh1h5 Ne6xc5
31.Qg3h4 Qd7f5
32.Rh5h8 e6
33.Rh8xg8 Rg6xg8
34.Qh4h5 Kd8
35.Ng5f7 Ke7
36.Qh5xf5 exf5
37.Rd1xd5 Nc5xb3
38.cxb3 Kxf7
39.Rd5xf5 { resign }
1-0

[Event "Tourn. n8667"]
[Site "www.chess-mail.com"]
[Date "2016.04.11"]
[Round "1"]
[White "Raven16"]
[Black "Marbachess"]
[WhiteElo "2170"]
[BlackElo "2490"]
[Result "0-1"]
[Round "1"]
1.d4 f5
2.c4 Ng8f6
3.Nb1c3 g6
4.g3 Bf8g7
5.Bf1g2 O-O
6.e4 fxe4
7.Nc3xe4 Nf6xe4
8.Bg2xe4 c6
9.Ng1f3 d5
10.cxd5 cxd5
11.Be4d3 Nb8c6
12.O-O Bc8g4
13.Bd3e2 e6
14.Bc1g5 Qd8b6
15.Bg5e3 Bg4xf3
16.Be2xf3 Bg7xd4
17.Be3xd4 Nc6xd4
18.Bf3e2 Ra8c8
19.b3 Rc8c2
20.Be2g4 e5
21.Qd1d3 e4
22.Qd3e3 Rf8f3
23.Bg4xf3 Nd4xf3
{ resign }
0-1

[Event "Tourn. n8471"]
[Site "www.chess-mail.com"]
[Date "2016.04.11"]
[Round "1"]
[White "Woadman62"]
[Black "Nimzo"]
[WhiteElo "2640"]
[BlackElo "2840"]
[Result "1/2-1/2"]
[Round "1"]
1.Ng1f3 c5
2.g3 Nb8c6
3.Bf1g2 g6
4.O-O Bf8g7
5.d3 d6
6.a3 e6
7.c4 Ng8e7
8.Nb1c3 O-O
9.Qd1c2 Ra8b8
10.Ra1b1 Nc6d4
11.Nf3xd4 cxd4
12.Nc3e4 b6
13.Qc2a4 Bc8d7
14.Qa4c2 Bd7c6
15.b3 f5
16.Ne4d2 Bc6xg2
17.Kxg2 e5
18.b4 Rb8c8
19.Qc2a2 d5
20.c5 bxc5
21.bxc5 Qd8d7
22.a4 Rf8e8
23.Qa2c2 Ne7c6
24.Rb1b5 Bg7f6
25.Qc2a2 a6
26.Rb5b3 e4
27.Qa2b1 Nc6d8
28.Rb3b6 Bf6e7
29.Rb6xa6 Be7xc5
30.Nd2b3 Nd8e6
31.Nb3xc5 Ne6xc5
32.Ra6b6 Qd7xa4
33.Bc1f4 Nc5e6
34.Bf4e5 Ne6f8
35.Be5f4 Nf8e6
36.Bf4e5 Ne6f8
37.Be5f4 { draw }
1/2-1/2

[Event "Tourn. n8716"]
[Site "www.chess-mail.com"]
[Date "2016.04.11"]
[Round "1"]
[White "Estonia"]
[Black "Derfel83"]
[WhiteElo "1990"]
[BlackElo "1950"]
[Result "0-1"]
[Round "1"]
1.d4 e6
2.c4 c5
3.e3 Ng8f6
4.Ng1f3 b6
5.Nb1c3 cxd4
6.exd4 Bf8b4
7.Qd1c2 Bc8b7
8.Bf1e2 d5
9.Bc1d2 O-O
10.O-O dxc4
11.Be2xc4 Bb7xf3
12.gxf3 Qd8xd4
13.Bc4b3 Nb8d7
14.Ra1d1 Qd4h4
15.Nc3e4 Nd7e5
16.Ne4xf6 gxf6
17.Qc2e4 Qh4xe4
18.fxe4 Ne5f3
19.Kg2 Nf3xd2
20.a3 Nd2xf1
21.Rd1xf1 Bb4d6
22.f4 Kh8
23.Kf3 Bd6c5
24.f5 e5
25.Bb3d5 Ra8c8
26.b4 Bc5d4
27.a4 Rc8c3
28.Ke2 Rf8g8
{ resign }
0-1

[Event "Tourn. n8653"]
[Site "www.chess-mail.com"]
[Date "2016.04.11"]
[Round "1"]
[White "Rons"]
[Black "Yangqi"]
[WhiteElo "2580"]
[BlackElo "2650"]
[Result "1/2-1/2"]
[Round "1"]
1.e4 e5
2.Ng1f3 Nb8c6
3.Bf1b5 a6
4.Bb5a4 Ng8e7
5.c3 g6
6.d4 exd4
7.cxd4 b5
8.Ba4c2 Bf8g7
9.d5 Nc6a5
10.Bc1d2 c5
11.Bd2c3 O-O
12.O-O d6
13.Bc3xg7 Kxg7
14.a3 Na5c4
15.Nb1d2 Nc4xd2
16.Qd1xd2 Bc8g4
17.Nf3e1 Ne7c8
18.f3 Bg4d7
19.f4 Nc8b6
20.Ne1f3 Rf8e8
21.b3 a5
22.e5 a4
23.bxa4 Nb6xa4
24.Nf3g5 Na4b6
25.Ng5xf7 Nb6c4
26.Qd2c3 Kxf7
27.e6 Kg8
28.f5 Nc4e5
29.Qc3g3 b4
30.exd7 Qd8xd7
31.fxg6 h6
32.axb4 Ra8xa1
33.Rf1xa1 cxb4
34.Qg3f4 Qd7g7
35.Ra1a4 b3
36.Bc2xb3 Qg7c7
37.Qf4d4 Qc7c1
38.Bb3d1 Ne5g4
39.g3 Ng4e3
40.Ra4a1 Re8f8
41.h4 Rf8f1
42.Kh2 Rf1f2
43.Kh3 Qc1c8
44.g4 Ne3xd1
45.Ra1xd1 Qc8c2
46.Qd4e3 Rf2h2
47.Kg3 Rh2g2
48.Kf3 Qc2xd1
49.Kxg2 Qd1xg4
50.Qe3g3 Qg4e4
51.Qg3f3 Qe4xg6
{ draw }
1/2-1/2

[Event "Tourn. n8581"]
[Site "www.chess-mail.com"]
[Date "2016.04.11"]
[Round "1"]
[White "Avg"]
[Black "Wegaman"]
[WhiteElo "1979"]
[BlackElo "1940"]
[Result "0-1"]
[Round "1"]
1.f4 Ng8f6
2.Ng1f3 d5
3.g3 e6
4.d3 c5
5.Bf1g2 Bf8e7
6.O-O O-O
7.c4 Nb8c6
8.Nb1c3 d4
9.Nc3e4 Nf6xe4
10.dxe4 Ra8b8
11.Nf3e5 Nc6xe5
12.fxe5 Qd8c7
13.e3 dxe3
14.Bc1xe3 Rb8a8
15.Qd1d2 Qc7xe5
16.Ra1b1 Qe5c7
17.a3 Bc8d7
18.Qd2c3 Be7f6
19.Qc3d3 Bf6e5
20.b4 b6
21.bxc5 bxc5
22.Be3f4 Be5d4
23.Bf4e3 e5
24.Be3xd4 cxd4
25.Rb1b4 a5
26.Rb4b2 Ra8b8
27.Rf1b1 Rb8xb2
28.Rb1xb2 Bd7e6
29.Bg2f1 Rf8c8
30.Rb2b5 g6
31.c5 Be6d7
32.Rb5b2 Qc7xc5
33.Rb2b7 Bd7e6
34.Rb7b5 Qc5c7
35.a4 Be6d7
36.Rb5b2 Bd7xa4
37.Qd3a6 Qc7c3
38.Rb2b7 Qc3e3
39.Kg2 Qe3xe4
40.Kh3 Qe4f5
41.Kg2 Rc8c2
{ resign }
0-1

[Event "Tourn. n8578"]
[Site "www.chess-mail.com"]
[Date "2016.04.11"]
[Round "1"]
[White "Gatrooper"]
[Black "Falcoale"]
[WhiteElo "1690"]
[BlackElo "1680"]
[Result "0-1"]
[Round "1"]
1.e4 c5
2.c4 e6
3.e5 Nb8c6
4.Ng1f3 b6
5.a3 Bc8b7
6.h3 d6
7.Nb1c3 dxe5
8.d3 Ng8f6
9.Bc1g5 Nc6d4
10.Nf3xd4 exd4
11.Nc3e2 h6
12.Bg5xf6 Qd8xf6
13.f3 Bf8d6
14.g4 Bb7xf3
15.Rh1g1 O-O
16.Bf1g2 Bf3xg2
17.Rg1xg2 Qf6h4
18.Kd2 Qh4xh3
19.Rg2g1 Qh3e3
20.Kc2 Bd6e7
21.Rg1g3 Qe3e5
22.Rg3g1 Be7g5
23.b3 Qe5d6
24.Kb1 a6
25.a4 Ra8b8
26.Ne2g3 b5
27.axb5 axb5
28.Ng3e4 Qd6e7
29.cxb5 Rb8xb5
30.Ne4xg5 Rb5xb3
31.Qd1xb3 Qe7xg5
32.Ra1a2 Qg5f4
33.Qb3d1 Rf8b8
34.Ra2b2 Rb8c8
35.Rg1f1 Qf4c7
36.Rf1f3 e5
37.Rb2f2 Rc8b8
38.Rf2b2 Rb8xb2
39.Kxb2 Qc7b6
40.Kc2 Qb6a5
41.Qd1b1 Qa5c3
42.Kd1 c4
43.Qb1b8 Kh7
44.Qb8xe5 Qc3a1
45.Ke2 Qa1b2
46.Kf1 Qb2c1
47.Kg2 Qc1d2
48.Rf3f2 Qd2xd3
49.Qe5f5 Qd3xf5
50.gxf5 d3
51.Rf2d2 g6
52.f6 g5
53.Kf3 h5
54.Ke4 h4
55.Ke5 g4
56.Kd6 g3
57.Ke7 h3
58.Kxf7 g2
59.Rd2xg2 hxg2
60.Ke7 g1Q
61.f7 Qg1e3
62.Kf6 Qe3f4
63.Ke7 Qf4xf7
64.Kxf7 d2
{ resign }
0-1

[Event "Match"]
[Site "www.echecsemail.com"]
[Date "2016.04.11"]
[Round "1"]
[White "Chtoubidou"]
[Black "Elogic"]
[WhiteElo "2000"]
[BlackElo "1840"]
[Result "0-1"]
[Round "1"]
1.e4 e5
2.Ng1f3 Ng8f6
3.Nb1c3 Bf8b4
4.d3 Bb4xc3
5.bxc3 Nb8c6
6.Bc1a3 d6
7.Bf1e2 Bc8e6
8.O-O Qd8d7
9.Qd1d2 O-O-O
10.Ra1b1 Be6xa2
11.Rb1b2 Ba2e6
12.Rf1b1 b6
13.Nf3g5 h6
14.Ng5xe6 Qd7xe6
15.f3 g5
16.d4 d5
17.Be2b5 dxe4
18.c4 Rd8xd4
{ resign }
0-1

[Event "Match"]
[Site "www.echecsemail.com"]
[Date "2016.04.11"]
[Round "1"]
[White "Bojan"]
[Black "Derfel83"]
[WhiteElo "1930"]
[BlackElo "1950"]
[Result "0-1"]
[Round "1"]
1.c4 e5
2.a3 Ng8f6
3.b4 a5
4.Bc1b2 d6
5.d4 exd4
6.Bb2xd4 g6
7.Nb1d2 Qd8e7
8.c5 Nb8c6
9.cxd6 Qe7xd6
10.Bd4c3 Bc8f5
11.e3 Bf8g7
12.Ra1b1 Bf5xb1
13.Qd1xb1 O-O
14.Nd2c4 Qd6d5
15.Ng1f3 axb4
16.axb4 b6
17.Bf1e2 Ra8a4
18.Qb1b2 Rf8a8
19.O-O Ra4a2
20.Qb2b3 Ra2xe2
21.b5 Nc6e7
22.Nf3d2 Ne7f5
23.g3 h5
24.Qb3d1 Ra8a3
25.Nc4xa3 Nf5xe3
26.f3 Ne3xd1
{ resign }
0-1

[Event "Match"]
[Site "www.echecsemail.com"]
[Date "2016.04.11"]
[Round "1"]
[White "Wwgia"]
[Black "Difficult"]
[WhiteElo "2170"]
[BlackElo "1890"]
[Result "1-0"]
[Round "1"]
1.d4 f5
2.c4 Ng8f6
3.e3 e6
4.Ng1f3 b6
5.Bf1e2 Bc8b7
6.O-O Bf8e7
7.b3 O-O
8.Bc1b2 Nf6e4
9.Nb1d2 Be7f6
10.Ra1c1 d6
11.Qd1c2 Nb8d7
12.d5 Bf6xb2
13.Qc2xb2 Ne4xd2
14.Nf3xd2 e5
15.f4 Qd8e7
16.Nd2f3 Ra8e8
17.Rc1e1 e4
18.Nf3d4 Nd7c5
19.b4 Nc5d7
20.Nd4e6 { resign }
1-0

[Event "Match"]
[Site "www.echecsemail.com"]
[Date "2016.04.11"]
[Round "1"]
[White "Norwich"]
[Black "Whitekknight"]
[WhiteElo "1630"]
[BlackElo "1940"]
[Result "1/2-1/2"]
[Round "1"]
1.d4 d5
2.Nb1c3 e6
3.e4 dxe4
4.Nc3xe4 Ng8f6
5.Bc1g5 Bf8e7
6.Bg5xf6 Be7xf6
7.Ng1f3 Bf6e7
8.Bf1d3 Nb8c6
9.c3 h6
10.O-O Bc8d7
11.Qd1e2 a6
12.Ra1d1 O-O
13.Ne4g3 f5
14.Nf3e5 Nc6xe5
15.dxe5 g6
16.Bd3c4 Qd8e8
17.Qe2d2 Ra8d8
18.Qd2xh6 Qe8f7
19.h4 Qf7g7
20.Qh6xg7 Kxg7
21.Rd1d3 Bd7c8
22.Rf1d1 Rd8xd3
23.Rd1xd3 Be7xh4
24.Ng3f1 Rf8d8
25.Rd3xd8 Bh4xd8
26.f4 Kf7
27.Kf2 b5
28.Bc4e2 Bc8b7
29.Be2f3 c6
30.Nf1e3 Bd8b6
31.Ke2 Kg7
32.g3 { draw }
1/2-1/2

[Event "Match"]
[Site "www.echecsemail.com"]
[Date "2016.04.11"]
[Round "1"]
[White "Canario"]
[Black "Norwich"]
[WhiteElo "1820"]
[BlackElo "1640"]
[Result "1-0"]
[Round "1"]
1.e4 e6
2.d4 d5
3.e5 c5
4.Bf1b5 Nb8c6
5.Bc1e3 cxd4
6.Bb5xc6 bxc6
7.Qd1xd4 c5
8.Qd4d3 d4
9.Be3f4 Bc8d7
10.Ng1f3 Ng8e7
11.Nb1d2 Ne7c6
12.Nd2c4 Bf8e7
13.Nc4d6 Be7xd6
14.exd6 h6
15.h3 O-O
16.g4 Rf8e8
17.g5 e5
18.Rh1g1 e4
19.Qd3c4 exf3
20.Kd1 hxg5
21.Bf4xg5 Qd8b6
22.Bg5h6 Nc6e5
23.Rg1xg7 { resign }
1-0

[Event "Match"]
[Site "www.echecsemail.com"]
[Date "2016.04.11"]
[Round "1"]
[White "Guidom"]
[Black "Norwich"]
[WhiteElo "2060"]
[BlackElo "1630"]
[Result "1/2-1/2"]
[Round "1"]
1.e4 e6
2.d4 d5
3.exd5 exd5
4.Bc1f4 Ng8f6
5.Ng1f3 Bf8d6
6.Nf3e5 O-O
7.Bf1d3 c5
8.dxc5 Bd6xc5
9.O-O Nb8c6
10.Ne5xc6 bxc6
11.Nb1c3 Bc5d6
12.Bf4g5 Bd6e7
13.Rf1e1 Ra8b8
14.Ra1b1 Bc8e6
15.a3 Qd8d7
16.Nc3e2 h6
17.Bg5f4 Be7d6
18.Bf4xd6 Qd7xd6
19.Ne2g3 Rf8e8
20.Qd1d2 Nf6d7
21.c3 Nd7c5
22.Bd3c2 Be6d7
23.Re1xe8 Rb8xe8
24.b4 Nc5e6
25.Rb1e1 Qd6f4
26.Qd2d3 g6
27.h3 Qf4f6
28.c4 Ne6f4
29.Re1xe8 Bd7xe8
30.Qd3e3 Be8d7
31.Qe3xa7 Bd7e6
32.Qa7a8 Kg7
33.Qa8xc6 dxc4
34.Qc6e4 c3
35.a4 Be6d5
36.Qe4e3 Bd5xg2
{ draw }
1/2-1/2

[Event "Match"]
[Site "www.echecsemail.com"]
[Date "2016.04.11"]
[Round "1"]
[White "Ssharp"]
[Black "Bojan"]
[WhiteElo "2260"]
[BlackElo "1950"]
[Result "1-0"]
[Round "1"]
1.e4 g6
2.d4 d5
3.e5 Bf8g7
4.f4 f6
5.Ng1f3 c6
6.Bf1d3 Bc8g4
7.h3 Bg4e6
8.O-O Ng8h6
9.Nb1c3 Nh6f5
10.Nc3e2 h6
11.g4 Nf5d6
12.exd6 Qd8xd6
13.Bd3xg6 { resign }
1-0

[Event "Match"]
[Site "www.echecsemail.com"]
[Date "2016.04.11"]
[Round "1"]
[White "Elogic"]
[Black "Irene"]
[WhiteElo "1840"]
[BlackElo "2080"]
[Result "0-1"]
[Round "1"]
1.f4 Nb8c6
2.e4 Ng8f6
3.d3 e6
4.h3 g6
5.g4 b6
6.f5 Bc8b7
7.Bc1e3 exf5
8.exf5 Nc6d4
9.Rh1h2 Bf8d6
10.Rh2d2 Bd6g3
11.Be3f2 Bg3xf2
12.Rd2xf2 Qd8e7
13.Kd2 O-O
14.c3 Rf8e8
15.Rf2f4 Qe7e3
{ resign }
0-1

[Event "Match"]
[Site "www.echecsemail.com"]
[Date "2016.04.11"]
[Round "1"]
[White "Mars91"]
[Black "Hundegana"]
[WhiteElo "1789"]
[BlackElo "1920"]
[Result "0-1"]
[Round "1"]
1.e4 c5
2.Bf1c4 e6
3.Nb1c3 a6
4.a3 Qd8c7
5.Ng1f3 Nb8c6
6.d3 g6
7.O-O b5
8.Bc4a2 Bf8g7
9.Rf1e1 Ng8e7
10.Nc3e2 Bc8b7
11.c3 h6
12.Bc1e3 d6
13.Ra1c1 Nc6e5
14.Nf3xe5 Bg7xe5
15.f4 Be5g7
16.Ne2g3 a5
17.b4 axb4
18.cxb4 Ra8xa3
19.Ba2b3 Ne7c6
20.bxc5 d5
21.exd5 exd5
22.Bb3xd5 O-O
23.Be3f2 Nc6b4
24.Bd5xb7 Qc7xb7
25.d4 Nb4d3
{ resign }
0-1

[Event "Match"]
[Site "www.echecsemail.com"]
[Date "2016.04.11"]
[Round "1"]
[White "N3txpert"]
[Black "Chessexpert"]
[WhiteElo "1499"]
[BlackElo "1450"]
[Result "0-1"]
[Round "1"]
1.e4 e6
2.d4 d5
3.e5 c5
4.Ng1f3 Nb8c6
5.Bf1b5 Bc8d7
6.Bb5xc6 Bd7xc6
7.O-O cxd4
8.Nf3xd4 Bf8c5
9.c3 Ng8e7
 { time }
0-1

[Event "Match"]
[Site "www.echecsemail.com"]
[Date "2016.04.11"]
[Round "1"]
[White "Deniz2007"]
[Black "Caspito"]
[WhiteElo "1799"]
[BlackElo "1730"]
[Result "0-1"]
[Round "1"]
1.e4 e5
2.Ng1f3 Nb8c6
3.Nb1c3 Ng8f6
4.Bf1b5 a6
5.Bb5xa6 bxa6
6.Nf3xe5 Nc6xe5
7.O-O Bf8b4
8.a3 Bb4xc3
9.dxc3 d6
10.Bc1f4 O-O
11.Bf4g5 Bc8b7
12.Qd1b1 Bb7xe4
 { time }
0-1

[Event "Match"]
[Site "www.echecsemail.com"]
[Date "2016.04.11"]
[Round "1"]
[White "Elogic"]
[Black "Umutkrc"]
[WhiteElo "1870"]
[BlackElo "1940"]
[Result "1-0"]
[Round "1"]
1.e4 e5
2.Ng1f3 a6
3.Bf1c4 c6
4.d4 d5
5.exd5 cxd5
6.Bc4b3 e4
7.Nf3e5 b5
8.Qd1h5 Bc8e6
9.Bc1g5 Bf8e7
10.Bg5xe7 Qd8xe7
11.O-O Ng8f6
12.Qh5e2 O-O
13.Nb1c3 Qe7b4
14.a3 Qb4xd4
15.Ne5xf7 Be6xf7
16.Ra1d1 Qd4e5
17.Rf1e1 Bf7h5
18.f3 Bh5f7
19.fxe4 Bf7h5
20.Qe2d2 Bh5xd1
21.Re1xd1 Nf6g4
22.g3 Ra8a7
23.Nc3xd5 Kh8
24.Qd2b4 Ra7f7
25.Nd5e3 Ng4xe3
26.Bb3xf7 Rf8xf7
27.Rd1d8 { resign }
1-0

[Event "1/64 Finale"]
[Site "www.chess-mail.com"]
[Date "2016.04.11"]
[Round "1"]
[White "Attatroll"]
[Black "Jose"]
[WhiteElo "1940"]
[BlackElo "2730"]
[Result "0-1"]
[Round "1"]
1.e4 c5
2.Nb1c3 Nb8c6
3.f4 g6
4.Bf1b5 Nc6d4
5.Ng1f3 Bf8g7
6.O-O Nd4xb5
7.Nc3xb5 d6
8.d4 a6
9.Nb5a3 cxd4
10.Nf3xd4 Ng8f6
11.Rf1e1 O-O
12.c3 e5
13.Nd4f3 Qd8c7
14.Bc1d2 Rf8d8
15.fxe5 dxe5
16.Qd1c2 Bc8e6
17.Ra1d1 Nf6g4
18.h3 Qc7b6
19.Kh1 Ng4f2
20.Kh2 Nf2xd1
21.Re1xd1 Be6xa2
22.b4 Ba2e6
23.Bd2g5 Rd8xd1
24.Qc2xd1 f6
25.Bg5h4 Qb6e3
26.Qd1d6 Be6f7
27.Bh4xf6 Qe3f4
28.Kh1 Bg7xf6
{ resign }
0-1

[Event "1/128 Finale"]
[Site "www.chess-mail.com"]
[Date "2016.04.11"]
[Round "1"]
[White "Battlechess"]
[Black "Yangqi"]
[WhiteElo "1510"]
[BlackElo "2640"]
[Result "0-1"]
[Round "1"]
1.Ng1f3 f5
2.d4 Ng8f6
3.Bc1g5 e6
4.Nb1d2 Bf8e7
5.c4 O-O
6.Qd1c2 d6
7.e4 Nb8c6
8.a3 h6
9.Bg5xf6 Be7xf6
10.Qc2d3 g5
11.d5 fxe4
12.Nd2xe4 Bf6xb2
{ resign }
0-1

[Event "1/8 Finale"]
[Site "www.chess-mail.com"]
[Date "2016.04.11"]
[Round "1"]
[White "Hwj"]
[Black "George1955"]
[WhiteElo "2840"]
[BlackElo "2770"]
[Result "1/2-1/2"]
[Round "1"]
1.e4 e5
2.Ng1f3 Nb8c6
3.Bf1b5 a6
4.Bb5a4 Ng8f6
5.O-O b5
6.Ba4b3 Bf8c5
7.c3 d6
8.d4 Bc5b6
9.a4 Bc8g4
10.h3 Bg4xf3
11.Qd1xf3 exd4
12.axb5 Nc6e5
13.Qf3d1 d3
14.bxa6 Nf6xe4
15.Nb1d2 Ne4g3
16.Nd2c4 Ng3xf1
17.Nc4xb6 cxb6
18.Qd1xf1 O-O
19.f4 Ne5d7
20.Bb3d5 Nd7c5
21.Bd5xa8 Qd8xa8
22.a7 Nc5b3
23.Ra1a3 d2
24.Ra3xb3 dxc1Q
25.Qf1xc1 Qa8xa7
26.Qc1e3 Rf8b8
27.Qe3d4 Qa7c7
28.Rb3b5 h6
29.Kh2 Qc7c6
30.c4 Kf8
31.b3 f6
32.Rb5d5 Rb8d8
33.Qd4d3 Kf7
34.Qd3d1 Kf8
35.Qd1d4 Kf7
36.Rd5b5 Rd8b8
37.Qd4f2 { draw }
1/2-1/2

[Event "Eq:Los Tercios-Equipo Juan Diaz : "]
[Site "www.chess-mail.com"]
[Date "2016.04.11"]
[Round "1"]
[White "Julianlore"]
[Black "Yomismista"]
[WhiteElo "2750"]
[BlackElo "2620"]
[Result "0-1"]
[Round "1"]
1.e4 c5
2.Ng1f3 d6
3.d4 cxd4
4.Nf3xd4 Ng8f6
5.Nb1c3 e6
6.Bf1e2 a6
7.O-O Bf8e7
8.f4 Qd8c7
9.a4 Nb8c6
10.Bc1e3 O-O
11.Kh1 Rf8d8
 { time }
0-1

[Event "Eq:Los Tercios-Equipo Juan Diaz : "]
[Site "www.chess-mail.com"]
[Date "2016.04.11"]
[Round "1"]
[White "Yomismista"]
[Black "Julianlore"]
[WhiteElo "2620"]
[BlackElo "2750"]
[Result "1-0"]
[Round "1"]
1.d4 Ng8f6
2.c4 e6
3.Nb1c3 Bf8b4
4.Qd1c2 O-O
5.a3 Bb4xc3
6.Qc2xc3 b6
7.Bc1g5 Bc8b7
8.f3 h6
9.Bg5h4 d5
10.e3 Nb8d7
11.cxd5  { time }
1-0

[Event "Eq:Los Tercios-Equipo Juan Diaz : "]
[Site "www.chess-mail.com"]
[Date "2016.04.11"]
[Round "1"]
[White "Heiserman"]
[Black "Naujzaid"]
[WhiteElo "2280"]
[BlackElo "2140"]
[Result "1-0"]
[Round "1"]
1.d4 d5
2.c4 e6
3.Nb1c3 Bf8e7
4.Ng1f3 Ng8f6
5.e3 O-O
6.Bf1d3 c6
7.cxd5 exd5
8.O-O Bc8g4
9.h3 Bg4e6
10.Bc1d2 Nb8d7
11.Nf3g5 Rf8e8
12.Ng5xe6 fxe6
13.f4 Nd7f8
14.g4  { time }
1-0

[Event "Eq:SIETE ESTRELLAS VERDES-Slap Shot Mates : "]
[Site "www.chess-mail.com"]
[Date "2016.04.11"]
[Round "1"]
[White "Susov"]
[Black "Jpmartinez"]
[WhiteElo "1890"]
[BlackElo "2580"]
[Result "0-1"]
[Round "1"]
1.e4 c5
2.Ng1f3 Nb8c6
3.d4 cxd4
4.Nf3xd4 g6
5.Nb1c3 Bf8g7
6.Bc1e3 Ng8f6
7.Bf1c4 O-O
8.Qd1d3 Nc6e5
9.Qd3e2 Ne5xc4
10.Qe2xc4 Nf6xe4
11.Nc3xe4 d5
12.Qc4d3 dxe4
13.Qd3xe4 f5
14.Qe4d3 f4
{ resign }
0-1

[Event "Eq:SIETE ESTRELLAS VERDES-Slap Shot Mates : "]
[Site "www.chess-mail.com"]
[Date "2016.04.11"]
[Round "1"]
[White "Jpmartinez"]
[Black "Susov"]
[WhiteElo "2580"]
[BlackElo "1890"]
[Result "1-0"]
[Round "1"]
1.c4 Ng8f6
2.Nb1c3 Nb8c6
3.Ng1f3 e5
4.e4 Bf8c5
5.Nf3xe5 Nc6xe5
6.d4 Bc5b4
7.dxe5 Bb4xc3
8.bxc3 Nf6xe4
9.Qd1g4 Ne4xc3
10.Qg4xg7 Rh8f8
11.Bc1g5 f6
12.Bg5xf6 Rf8xf6
13.exf6 d6
14.f7 { resign }
1-0

[Event "Fast Game"]
[Site "www.echecsemail.com"]
[Date "2016.04.11"]
[Round "1"]
[White "Boki84"]
[Black "Ranjachess"]
[WhiteElo "1669"]
[BlackElo "1700"]
[Result "0-1"]
[Round "1"]
1.d4 d5
2.Ng1f3 Nb8c6
3.Qd1d3 e6
4.Nf3e5 Bc8d7
5.Nb1c3 Bf8d6
6.Bc1f4 Qd8f6
7.Ne5xd7 Qf6xf4
8.e3 Qf4f5
9.Qd3xf5 exf5
10.Nd7e5 Nc6xe5
11.dxe5 Bd6xe5
12.Nc3xd5 O-O-O
13.O-O-O c6
14.Nd5c3 b5
15.Rd1xd8 Kxd8
16.Bf1e2 Ng8f6
17.Rh1d1 Kc7
18.Be2f3 g5
19.h3 g4
20.Bf3e2 Be5xc3
21.bxc3 Nf6e4
22.c4 Ne4c3
23.Rd1d2 { time. }
0-1

[Event "Tourn. n8579"]
[Site "www.chess-mail.com"]
[Date "2016.04.12"]
[Round "1"]
[White "Roque1"]
[Black "Andychesston"]
[WhiteElo "1820"]
[BlackElo "1940"]
[Result "0-1"]
[Round "1"]
1.e4 e5
2.Ng1f3 Nb8c6
3.Bf1b5 d6
4.d4 a6
5.Bb5a4 b5
6.Ba4b3 Bc8g4
7.Bb3xf7 Kxf7
8.Nf3g5 Qd8xg5
9.f3 Bg4xf3
10.Qd1xf3 Qg5f6
11.Qf3g4 h5
12.Qg4d7 Ng8e7
13.Rh1f1 Nc6xd4
14.Qd7xc7 Qf6xf1
15.Kxf1 Ra8c8
16.Qc7xd6 Rc8xc2
17.Nb1c3 Ne7c6
18.Qd6d7 Bf8e7
19.Bc1g5 Rh8d8
20.Qd7c7 Rd8d6
21.Bg5xe7 Rd6g6
22.Be7c5 Kg8
23.Bc5xd4 exd4
24.Nc3e2 d3
25.Qc7c8 Kh7
26.Ra1e1 dxe2
27.Re1xe2 Rg6f6
28.Ke1 Rc2c1
29.Kd2 Rc1c4
30.Qc8e8 Rc4d4
31.Kc3 b4
32.Kb3 Kh6
33.Ka4 Rd4d8
34.e5 Rd8xe8
35.exf6 Re8xe2
36.f7 Re2f2
37.a3 Rf2xf7
{ resign }
0-1

[Event "Tourn. n8683"]
[Site "www.chess-mail.com"]
[Date "2016.04.12"]
[Round "1"]
[White "Tevere"]
[Black "Plymouth"]
[WhiteElo "1499"]
[BlackElo "1309"]
[Result "1/2-1/2"]
[Round "1"]
1.d4 d5
2.c4 dxc4
3.Nb1c3 c6
4.a4 e5
5.Ng1f3 exd4
6.Qd1xd4 Qd8xd4
7.Nf3xd4 Bf8c5
8.Nd4f3 Ng8f6
9.e3 Bc8e6
10.Nf3d2 Nb8d7
11.Bf1xc4 Be6xc4
12.Nd2xc4 O-O-O
13.b3 Bc5b4
14.Bc1b2 Nf6e4
15.Ra1c1 Nd7f6
16.O-O Bb4xc3
17.Bb2xc3 Ne4xc3
18.Rc1xc3 Rh8e8
19.Rc3c1 Kb8
20.Rf1d1 Kc7
21.Rd1xd8 Re8xd8
22.Nc4e5 Rd8f8
23.Kf1 Kd6
24.Ne5c4 Kc7
25.Rc1d1 Nf6d5
{ draw }
1/2-1/2

[Event "Tourn. n8669"]
[Site "www.chess-mail.com"]
[Date "2016.04.12"]
[Round "1"]
[White "Emiondi"]
[Black "Tonino1"]
[WhiteElo "2200"]
[BlackElo "2250"]
[Result "1-0"]
[Round "1"]
1.d4 Ng8f6
2.c4 g6
3.Nb1c3 Bf8g7
4.e4 d6
5.Ng1f3 O-O
6.Bf1e2 c6
7.O-O Nb8d7
8.Rf1e1 Qd8c7
9.b3 e5
10.Bc1b2 Nf6e8
11.dxe5 dxe5
12.Bb2a3 c5
13.Nc3d5 Qc7d8
14.Ba3b2 f5
15.Be2f1 f4
16.g3 g5
17.Bf1h3 h5
18.Bh3e6 Kh8
19.Nf3xe5 Nd7xe5
20.Qd1xh5  { time }
1-0

[Event "Tourn. n8673"]
[Site "www.chess-mail.com"]
[Date "2016.04.12"]
[Round "1"]
[White "Bira47"]
[Black "Bojan"]
[WhiteElo "1950"]
[BlackElo "2070"]
[Result "1-0"]
[Round "1"]
1.c4 g6
2.g3 Bf8g7
3.Bf1g2 c5
4.Nb1c3 Bg7xc3
5.dxc3 Qd8b6
6.Qd1b3 Qb6xb3
7.axb3 Nb8c6
8.Bc1e3 b6
9.b4 Ra8b8
10.b5 Nc6a5
11.b4 Na5xc4
12.bxc5 Bc8b7
13.c6 dxc6
14.bxc6 Nc4xe3
15.fxe3 Bb7a8
16.c7 Rb8c8
17.Bg2xa8 Rc8xa8
18.Ra1xa7 Ra8c8
19.Ng1f3 f6
20.e4 Kd7
21.e5 Ng8h6
22.exf6 exf6
23.Kf2 Nh6f5
24.e4 Nf5e7
25.Rh1d1 Kc6
26.Nf3d4 Kc5
27.Nd4e6 Kc6
28.Rd1d8 Rh8g8
29.Rd8xg8 Ne7xg8
30.Ke3 b5
31.Ne6d8 Kb6
32.Ra7b7 Kc5
33.Kd3 Ng8e7
34.Rb7a7 Kd6
35.Nd8f7 Kc5
36.Nf7d8 Ne7c6
37.Nd8xc6 Kxc6
38.Ra7a6 Kb7
39.Ra6xf6 Rc8xc7
40.e5 Rc7c4
41.e6 Kc7
42.e7 Kd7
43.Rf6f7 h5
44.Rf7g7 Rc4c6
45.h3 Ke8
46.Rg7h7 Rc6e6
47.g4 hxg4
48.hxg4 Kd7
49.Kd4 Kd6
50.Rh7g7 Kc6
51.Rg7xg6 { resign }
1-0

[Event "Tourn. n8679"]
[Site "www.chess-mail.com"]
[Date "2016.04.12"]
[Round "1"]
[White "Tonino1"]
[Black "Prize64"]
[WhiteElo "2280"]
[BlackElo "2280"]
[Result "0-1"]
[Round "1"]
1.d4 Ng8f6
2.Ng1f3 c5
3.e3 g6
4.b3 Bf8g7
5.Bc1b2 O-O
6.Bf1d3 Nb8c6
7.a3 cxd4
8.exd4 d6
9.c4 e5
10.Nb1d2 e4
11.Nd2xe4 Nf6xe4
12.Bd3xe4 Rf8e8
13.Nf3d2 f5
14.O-O fxe4
15.Rf1e1 Bg7xd4
16.Bb2xd4 Nc6xd4
17.Nd2xe4 Nd4f5
18.Qd1c1 Bc8d7
19.g4 Nf5h4
20.Qc1c3 Re8f8
21.Re1e3 Bd7c6
22.Ra1d1 Bc6xe4
23.Re3xe4 Qd8b6
24.Re4e3 Rf8f4
25.h3 Ra8f8
26.Rd1d2 Nh4f3
27.Re3xf3 Rf4xf3
 { time }
0-1

[Event "Tourn. n8579"]
[Site "www.chess-mail.com"]
[Date "2016.04.12"]
[Round "1"]
[White "Attatroll"]
[Black "Roque1"]
[WhiteElo "2000"]
[BlackElo "1820"]
[Result "1/2-1/2"]
[Round "1"]
1.Ng1f3 d6
2.e4 e5
3.d4 Nb8c6
4.dxe5 dxe5
5.Qd1xd8 Nc6xd8
6.Nf3xe5 f6
7.Ne5f3 Bc8g4
8.Nf3d4 Bf8c5
9.Nd4b3 Bc5b6
10.Bf1c4 Nd8c6
11.O-O O-O-O
12.Bc1f4 Ng8e7
13.h3 Bg4h5
14.Bc4e6 Kb8
15.Nb1c3 Nc6d4
16.Nb3xd4 Bb6xd4
17.Nc3b5 Bd4e5
18.Bf4xe5 fxe5
19.g4 Bh5e8
20.Nb5c3 Rd8d6
21.Be6b3 Be8c6
22.Ra1d1 Rh8d8
23.Rd1xd6 Rd8xd6
24.f3 Ne7g6
25.Rf1d1 Ng6f4
26.Rd1xd6 cxd6
27.Kh2 g5
28.Nc3d5 Kc8
29.Nd5xf4 exf4
30.Bb3c4 Kd7
31.h4 h6
32.hxg5 hxg5
33.Kg2 b5
34.Bc4d5 a5
35.Bd5xc6 Kxc6
36.Kf2 Kc5
37.Ke2 Kd4
38.Kd2 Kc4
39.a3 a4
40.Kd1 Kd4
41.Kd2 Kc4
42.Ke2 Kd4
43.b3 Kc3
44.bxa4 bxa4
45.Kd1 Kb2
46.c4 Kxa3
47.c5 dxc5
48.e5 Kb2
49.e6 a3
50.e7 a2
51.e8Q a1Q
52.Ke2 Qa1a6
53.Kd2 c4
54.Qe8e5 Kb3
55.Qe5c3 Ka2
56.Qc3e5 Kb3
57.Qe5c3 Ka4
58.Qc3a1 Kb5
59.Qa1e5 Kb4
60.Qe5b2 Kc5
61.Qb2e5 Kb6
62.Qe5d4 Kb5
63.Qd4e5 { draw }
1/2-1/2

[Event "Tourn. n8726"]
[Site "www.chess-mail.com"]
[Date "2016.04.12"]
[Round "1"]
[White "Hundegana"]
[Black "Elogic"]
[WhiteElo "1880"]
[BlackElo "1830"]
[Result "1-0"]
[Round "1"]
1.e4 e6
2.d4 d5
3.e5 a6
4.c3 g5
5.Nb1d2 h5
6.Bf1e2 g4
7.g3 f6
8.Qd1c2 f5
9.f3 b5
10.fxg4 hxg4
11.h3 Bc8b7
12.Nd2f1 c5
13.b3 c4
14.Bc1f4 a5
15.Nf1e3 gxh3
16.Rh1xh3 Rh8xh3
17.Ng1xh3 Qd8c7
18.Kf2 Nb8d7
19.Ra1h1 O-O-O
20.Nh3g5 Bf8a3
21.Ng5xe6 Qc7b6
22.Ne6xd8 Qb6xd8
23.Ne3xf5 Ng8e7
24.Nf5xe7 Qd8xe7
25.Rh1h8 Nd7f8
26.Qc2f5 Kd8
27.Bf4g5 { resign }
1-0